000
00340 a2200121 4500
000
nam a22 7a 4500
005
20260512120157.0
020
_a
9789382695967
100
_a
शक्ति पद शर्मा
_9
1239101
245
_a
इस्लाम का इतिहास
260
_b
Vikalp prakashan
_c
2023
942
_c
TEXL
999
_c
1851235
_d
1851235